Prisons and society: a study of the Indian jail system (Record no. 352897)

000 -LEADER
fixed length control field 00336cam a22001217a 4500
008 - FIXED-LENGTH DATA ELEMENTS--GENERAL INFORMATION
fixed length control field 180718b1989 xxu||||| |||| 00| 0 eng d
082 ## - DEWEY DECIMAL CLASSIFICATION NUMBER
Classification number Q931x54 R812
100 ## - MAIN ENTRY--PERSONAL NAME
Personal name Roy, J.G.
245 ## - TITLE STATEMENT
Title Prisons and society: a study of the Indian jail system
Statement of responsibility, etc. by J.G. Roy
260 ## - PUBLICATION, DISTRIBUTION, ETC.
Place of publication, distribution, etc. Delhi
Name of publisher, distributor, etc. Gian
Date of publication, distribution, etc. 1989
300 ## - PHYSICAL DESCRIPTION
Extent 223p.
650 ## - SUBJECT ADDED ENTRY--TOPICAL TERM
Topical term or geographic name entry element Prisons - India
Holdings
Withdrawn status Lost status Damaged status Not for loan Permanent Location Current Location Date acquired Full call number Barcode Date last seen Price effective from Koha item type Source of classification or shelving scheme
        Indian Institute of Public Administration Indian Institute of Public Administration 1993-11-26 Q931x54 R812 64842 2018-07-21 2018-07-21 Book  
        Indian Institute of Public Administration Indian Institute of Public Administration 2019-08-28 Q931x54 R812/c.2 GR21510 2019-08-28 2019-08-28 GR  

Powered by Koha